[Event "Podgorica op"]
[Site "Podgorica"]
[Date "2010.12.17"]
[Round "8"]
[White "Popadic, Rade"]
[Black "Kontic, Djordjije"]
[Result "0-1"]
[WhiteElo "2083"]
[BlackElo "2348"]
[PlyCount "66"]
[EventDate "2010.12.11"]
[EventType "swiss"]
[EventRounds "9"]
[EventCountry "MNE"]
[SourceTitle "CBM 139 Extra"]
[Source "ChessBase"]
[SourceDate "2011.01.05"]
[SourceVersion "1"]
[SourceVersionDate "2011.01.05"]
[SourceQuality "1"]

1. e4 c5 2. Nc3 e6 3. f4 Nc6 4. g3 d5 5. e5 Nh6 6. Bg2 Nf5 7. Nf3 h5 8. d3 h4 9. g4 h3 10. gxf5 hxg2 11. Rg1 Rxh2 12. Kf2 Rh8 13. fxe6 Bxe6 14. Rxg2 Be7 15. Qg1 Qb6 16. Ne2 Nb4 17. Qd1 d4 18. b3 Bd5 19. a3 Bxf3 20. Kxf3 Nd5 21. Ng3 Nc3 22. Qf1 Rh3 23. Bd2 Qc6+ 24. Kf2 Bh4 25. Bxc3 dxc3 26. Re1 Qh6 27. Re4 g5 28. fxg5 Qxg5 29. Re3 0-0-0 30. Rg1 Rh2+ 31. Rg2 Qf4+ 32. Rf3 Bxg3+ 33. Kg1 Qd4+ 0-1

[Event "MNT-chT"]
[Site "Cetinje"]
[Date "2010.10.09"]
[Round "8"]
[White "Popadic, Rade"]
[Black "Kisic, Bozidar"]
[Result "1-0"]
[WhiteElo "2083"]
[BlackElo "1768"]
[PlyCount "105"]
[EventDate "2010.08.27"]
[EventType "team-tourn"]
[EventRounds "9"]
[EventCountry "MNE"]
[SourceTitle "CBM 138 Extra"]
[Source "ChessBase"]
[SourceDate "2010.10.29"]
[SourceVersion "1"]
[SourceVersionDate "2010.10.29"]
[SourceQuality "1"]

1. e4 c5 2. Nc3 Nc6 3. g3 g6 4. Bg2 Bg7 5. Nge2 d6 6. 0-0 e6 7. d3 Nge7 8. Be3 0-0 9. d4 d5 10. exd5 exd5 11. Qd2 Be6 12. Rad1 c4 13. Nf4 Qd7 14. Rfe1 Bg4 15. f3 Be6 16. Nxe6 fxe6 17. f4 Nf5 18. Ne2 b5 19. c3 a5 20. Bf2 b4 21. g4 Nd6 22. Ng3 Bh6 23. Be3 Qf7 24. f5 Bxe3+ 25. Qxe3 exf5 26. Qe6 Rad8 27. Bxd5 Ne7 28. Qxf7+ Nxf7 29. Bxc4 Nd5 30. cxb4 Ng5 31. Re5 Nf3+ 32. Kg2 Nxe5 33. dxe5 Rfe8 34. Rxd5 Rxd5 35. Bxd5+ Kg7 36. e6 axb4 37. gxf5 gxf5 38. Nxf5+ Kf6 39. Ne3 Rc8 40. Kf3 Rc1 41. Kf4 Rb1 42. Ng4+ Ke7 43. Ke5 Rxb2 44. h4 Re2+ 45. Kf4 Rd2 46. Bb3 Rd8 47. Nh6 Kf6 48. Ng4+ Ke7 49. Kg5 Rg8+ 50. Kh5 Rf8 51. Ne3 Ra8 52. Kh6 Kf6 53. h5 1-0

[Event "MNT-chT"]
[Site "Cetinje"]
[Date "2010.09.11"]
[Round "5"]
[White "Popadic, Rade"]
[Black "Radovic, Milan"]
[Result "1-0"]
[WhiteElo "2083"]
[BlackElo "1915"]
[PlyCount "79"]
[EventDate "2010.08.27"]
[EventType "team-tourn"]
[EventRounds "9"]
[EventCountry "MNE"]
[SourceTitle "CBM 138 Extra"]
[Source "ChessBase"]
[SourceDate "2010.10.29"]
[SourceVersion "1"]
[SourceVersionDate "2010.10.29"]
[SourceQuality "1"]

1. e4 c5 2. Nc3 Nc6 3. d3 g6 4. g3 Bg7 5. Nge2 e5 6. Bg2 Nge7 7. 0-0 0-0 8. f4 d6 9. h3 Be6 10. Be3 b6 11. Qd2 Rc8 12. Rf2 Qd7 13. Kh2 f5 14. Rd1 a6 15. a3 Nd4 16. Rdf1 b5 17. Nd1 d5 18. fxe5 Bxe5 19. exd5 Bxd5 20. Nf4 Bxg2 21. Kxg2 Nd5 22. Nxd5 Qxd5+ 23. Kh2 Ne6 24. Qe2 Nd4 25. Qd2 Ne6 26. Re2 Qd6 27. Qe1 f4 28. Bxf4 Bxf4 29. gxf4 Nxf4 30. Qg3 Qf6 31. Ref2 g5 32. Rxf4 Qg7 33. Rf5 h6 34. h4 Qg6 35. Qg4 Rce8 36. Nc3 Qd6+ 37. Kg2 Rxf5 38. Qxf5 Re5 39. Qf7+ Kh8 40. Rf6 1-0